000 01011cam a2200313 4500
001 2665373
003 OSt
005 20150619123913.0
008 730116s1972 enkk 001 0 eng
010 _a 72197977
015 _aB72-11333
020 _a0421140704
040 _aDLC
_cDLC
_dDLC
043 _ae-uk---
050 0 0 _aKD1269
_b.M45 1972
082 0 0 _a346.048 MEL
100 1 _aMelville, Leslie William.
_91342
245 1 0 _aPrecedents on intellectual property and international licensing ...,
_cby L. W. Melville.
250 _a2nd ed.
260 _aLondon,
_bSweet and Maxwell,
_c1972.
300 _axxxii, 368 p.
_bforms.
_c26 cm.
350 _a£7.50
500 _aFirst ed. published in 1965 under title: Precedents on industrial property and commercial choses in action.
500 _aIncludes legislation.
650 0 _aIntellectual property
_zGreat Britain.
_91343
650 0 _aIntellectual property.
_9688
906 _a7
_bcbc
_corignew
_d3
_encip
_f19
_gy-gencatlg
942 _2ddc
_cBK
999 _c456
_d456